| 000 | 00826nam a2200265 a 4500 | ||
|---|---|---|---|
| 001 | 000018368 | ||
| 005 | 20200929165457.0 | ||
| 008 | 940506s1968 sp b 000 f spa d | ||
| 020 | _a8430601066 | ||
| 035 | _a(DLC) 94154888 | ||
| 040 |
_aDO-SdBNP _cDLC _dBNPHU |
||
| 082 |
_a863.4 _bC121n |
||
| 100 | 1 |
_aCadalso, José, _d1741-1782. _922405 |
|
| 245 | 1 | 0 |
_aNoches lúgubres / _cJosé Cadalso ; edición Edith F. Helman. |
| 260 |
_aMadrid : _bTaurus Ediciones, _c1968. |
||
| 300 |
_a151 p. ; _c18 cm. |
||
| 490 | 1 |
_aTemas de España _v65 |
|
| 504 | _aBibliografías: p. 66-67 | ||
| 650 | 4 |
_aNovela española _91123 |
|
| 650 | 4 |
_aLiteratura española _ySIGLO XVIII _913698 |
|
| 700 | 1 |
_aHelman, Edith _eed. _939777 |
|
| 830 | 0 |
_aTemas de España ; _v65 _96849 |
|
| 910 | _aCatalogación por derivada / LC | ||
| 049 | _aBNGR | ||
| 999 |
_c17889 _d17889 |
||